000 01039cam a22002771 4500
001 sg 46000284
003 DLC
005 20260227112750.0
008 750905s1946 xx 000 0 eng
010 _asg 46000284
035 _a(OCoLC)1599732
040 _aDLC
_cFMU
_dOClW-H
_dDLC
042 _apremarc
050 0 0 _aRJ47
_b.J4 1946
082 _a618.92073
100 1 _aJeans, Philip Charles,
_d1883-
245 1 0 _aEssentials of pediatrics,
_cby Philip C. Jeans...Winifred Rand...[and] Florence G. Blake...86 illustrations and 9 subjects in color.
250 _a4th ed.
260 _aPhiladelphia,
_bMontreal [etc.] J.B. Lippincott company
_c[1946]
300 _axvi, 627 p.
_bincl. front., illus., diagrs. plates (part col., part fold.)
_c21 cm.
500 _aPrevious editions, by Philip C. Jeans, published under title: Essentials of pediatrics for nurses.
504 _aBibliography: p. 591-596.
650 0 _aChildren
_xDiseases.
700 1 _aRand, Winifred,
_ejoint author.
700 1 _aBlake, Florence
_ejoint author.
999 _c90853
_d90853